000 01270nam a2200277 i 4500
001 184019
003 ES-MaACL
005 20231115120139.0
008 150223s2012 ag |||| | spa d
020 _a978-987-584-420-9
080 _a72.025.3(460)
245 0 0 _aDeclaración de Boceguillas :
_bprincipios para el estudio, la protección y la conservación de la arquitectura tradicional /
_c[edición a cargo de Luis Maldonado Ramos y Fernando Vela Cossío ; traducción al inglés de Isabel Salto-Weis Acevedo ; traducción al francés de Sanaa Niar ; traducción al italiano de Agostino Bossi].
260 _a[Buenos Aires] :
_bNobuko,
_c2012.
300 _a109 p. ;
_c21 cm.
546 _aTexto en español y traducción al inglés, francés e italiano.
650 4 _aArquitectura popular-
_zEspaña-
_vPreservación.
_9156408
700 1 _aMaldonado Ramos, Luis.
_975736
700 1 _aVela Cossío, Fernando.
_9113683
700 1 _aSalto-Weis Azevedo, Isabel.
_9156409
700 1 _aNiar, Sanaa.
_9156410
700 1 _aBossi, Agostino.
_9156411
852 _aES-MaACL
_jA-13394
_9190985
_bR.150172
_cDEPO1
_dOlim: N-6394
_hDonación: Fernando Vela
903 _9113683
_aVela Cossío, Fernando
_ednr
942 _2udc
_cMONOGRAFIA
999 _c184019
_d184019